| 000 | 02315nam0a2200397 4500 | ||
|---|---|---|---|
| 001 | RU\NLR\BIBL_A\012508909 | ||
| 005 | 20210923143415.0 | ||
| 010 |
_a978-5-7890-1820-0 _9100 |
||
| 021 |
_aRU _bКН-П-20-083491 _9КН-П-20-6341 |
||
| 035 | _a(NLR Aleph) 012508909 | ||
| 035 | _a(RuMoRGB)010527186 | ||
| 090 |
_a12264807 _c12264807 |
||
| 100 | _a20210422d2020 u y0rusy50 ca | ||
| 101 | 0 | _arus | |
| 102 | _aRU | ||
| 105 | _aa|||j|||010zy | ||
| 181 | 0 |
_ai _baxxe |
|
| 182 | 0 | _an | |
| 200 | 1 |
_aБиология и патология рыб _eучебное пособие _eдля обучающихся по специальности 36.05.01 Ветеринария, изучающих дисциплину "Биология и патология рыб" _fП.В. Аксенова, А.М. Ермаков, А.В. Казарникова _gМинистерство науки и высшего образования Российской Федерации, Федеральное государственное бюджетное образовательное учреждение высшего образования "Донской государственный технический университет" |
|
| 203 |
_aТекст _bвизуальный _cнепосредственный |
||
| 210 |
_aРостов-на-Дону _cДГТУ _d2020 |
||
| 215 |
_a161, [1] с. _cил., табл. _d21 |
||
| 300 | _aНа обл.: 90 лет ДГТУ | ||
| 320 | _aБиблиогр.: с. 160 (14 назв.) | ||
| 606 | 1 |
_aРыбы _xБолезни _jУчебные издания _2nlr_sh1 _2nlr_sh2 _3RU\NLR\AUTH\6616082 |
|
| 606 | 1 |
_aРыбы _xПатологическая морфология _jУчебные издания _2nlr_sh2 _3RU\NLR\AUTH\6601688311 |
|
| 686 | 1 | _aП836я7 | |
| 686 | 1 | _aП871.82я7 | |
| 700 | 1 |
_aАксенова _bП. В. _gПолина Владимировна |
|
| 701 | 1 |
_aЕрмаков _bА. М. _cд-р биол. наук, канд. вет. наук _gАлексей Михайлович _3RU\NLR\AUTH\770177772 |
|
| 701 | 1 |
_aКазарникова _bА. В. _f1965- _gАнна Владимировна _3RU\NLR\AUTH\7757379 |
|
| 942 | _cBOOK | ||
| 980 | _aNBR | ||
| 980 | _aNB | ||